Stratégia výroby

Potreba radikálnych zmien v systémoch riadenia výroby. Požiadavka hlbšej analýzy pre stratégiu rozvoja výroby. Reálne faktory, na ktoré treba prihliadať pri tvorbe stratégie. Zo skúseností riadenia vo francúzskych priemyselných firmách. Základné kritériá pre dosahovanie špičkových výkonov a výsledko...

Descripción completa

Guardado en:
Detalles Bibliográficos
Autor principal: Dupaľ, Andrej
Formato: Capítulo de libro
Lenguaje:eslovaco
Materias:
Etiquetas: Agregar Etiqueta
Sin Etiquetas, Sea el primero en etiquetar este registro!

MARC

LEADER 00000naa a2200000 4500
001 r000789
005 20240502071325.9
041 0 |a slo 
044 |a SK 
245 1 0 |a Stratégia výroby  |c Andrej Dupaľ 
520 |a Potreba radikálnych zmien v systémoch riadenia výroby. Požiadavka hlbšej analýzy pre stratégiu rozvoja výroby. Reálne faktory, na ktoré treba prihliadať pri tvorbe stratégie. Zo skúseností riadenia vo francúzskych priemyselných firmách. Základné kritériá pre dosahovanie špičkových výkonov a výsledkov vo firme. 
610 2 0 |a stratégia podniková 
610 2 0 |a riadenie výroby 
610 2 0 |a riadenie podnikové 
610 2 0 |a Francúzsko 
610 2 0 |a podnik priemyselný 
610 2 0 |a kritériá rozhodovania 
610 2 0 |a analýza ekonomická 
100 1 |a Dupaľ, Andrej